| 000 | 00422nam a2200157 a 4500 | ||
|---|---|---|---|
| 001 | 3663 | ||
| 005 | 20140414131904.0 | ||
| 008 | 060922s19uu xx 00 eng d | ||
| 020 | _a0-7868-4543-0 | ||
| 050 |
_aFIC _bM17 2003 |
||
| 100 | _aJones, Jasmine | ||
| 245 |
_aNew kid in school / _cadapted by Jasmine Jones, Melissa Gould. |
||
| 260 |
_aNew York : _bDisney, _cc2003. |
||
| 300 | _a138 p. ; cm. | ||
| 999 |
_c110851 _d110851 |
||